<?xml version="1.0" encoding="UTF-8"?>
<record
    xmlns:xsi="http://www.w3.org/2001/XMLSchema-instance"
    xsi:schemaLocation="http://www.loc.gov/MARC21/slim http://www.loc.gov/standards/marcxml/schema/MARC21slim.xsd"
    xmlns="http://www.loc.gov/MARC21/slim">

  <leader>01883nam a2200289 a 4500</leader>
  <controlfield tag="001">000013777</controlfield>
  <controlfield tag="005">20260206120312.0</controlfield>
  <controlfield tag="008">091130s2002    dr a          001 0 spa d</controlfield>
  <datafield tag="040" ind1=" " ind2=" ">
    <subfield code="a">DO-SdBNP</subfield>
    <subfield code="b">spa</subfield>
    <subfield code="c">BNPHU</subfield>
  </datafield>
  <datafield tag="082" ind1=" " ind2=" ">
    <subfield code="a">614.1</subfield>
    <subfield code="b">O77L</subfield>
  </datafield>
  <datafield tag="100" ind1="1" ind2=" ">
    <subfield code="a">Ortega G., Rafael A.</subfield>
    <subfield code="9">31266</subfield>
  </datafield>
  <datafield tag="245" ind1="1" ind2="0">
    <subfield code="a">Lecciones de medicina legal y sexolog&#xED;a forense /</subfield>
    <subfield code="c">Rafael A. Ortega G.</subfield>
  </datafield>
  <datafield tag="246" ind1="1" ind2="4">
    <subfield code="a">Lecciones de medicina legal y sexolog&#xED;a forense</subfield>
  </datafield>
  <datafield tag="260" ind1=" " ind2=" ">
    <subfield code="a">Santo Domingo :</subfield>
    <subfield code="b">Ene Publicidad,</subfield>
    <subfield code="c">2002.</subfield>
  </datafield>
  <datafield tag="300" ind1=" " ind2=" ">
    <subfield code="a">507 p. :</subfield>
    <subfield code="b">il. ;</subfield>
    <subfield code="c">22 cm.</subfield>
  </datafield>
  <datafield tag="500" ind1=" " ind2=" ">
    <subfield code="a">Incluye datos biogr&#xE1;ficos del autor en la contracubierta</subfield>
  </datafield>
  <datafield tag="504" ind1=" " ind2=" ">
    <subfield code="a">Bibliogr&#xE1;fia: p. 477 - 478</subfield>
  </datafield>
  <datafield tag="505" ind1="0" ind2=" ">
    <subfield code="a">Introducci&#xF3;n --</subfield>
    <subfield code="t">Datos hist&#xF3;ricos y per&#xED;odos --</subfield>
    <subfield code="t">Pericia --</subfield>
    <subfield code="t">Certificaciones m&#xE9;dicas --</subfield>
    <subfield code="t">Deontolog&#xED;a m&#xE9;dica --</subfield>
    <subfield code="t">Eutanasia --</subfield>
    <subfield code="t">Gen&#xE9;tica y medicina legal --</subfield>
    <subfield code="t">Clonaci&#xF3;n(transferencia nuclear) --</subfield>
    <subfield code="t">Procedimientos m&#xE9;dicos y sus aplicaciones legales --</subfield>
    <subfield code="t">Odontolog&#xED;a forense --</subfield>
    <subfield code="t">Equimosis --</subfield>
    <subfield code="t">Traumatolog&#xED;a forense --</subfield>
    <subfield code="t">Accidentes de tr&#xE1;nsito --</subfield>
    <subfield code="t">Heridas --</subfield>
    <subfield code="t">Instintos --</subfield>
    <subfield code="t">Heridas por armas de fuego --</subfield>
    <subfield code="t">Fracturas --</subfield>
    <subfield code="t">Intoxicaciones --</subfield>
    <subfield code="t">Drogas --</subfield>
  </datafield>
  <datafield tag="505" ind1="0" ind2=" ">
    <subfield code="a">Homicidio, suicidio e infanticidio --</subfield>
    <subfield code="t">Retrato hablado --</subfield>
    <subfield code="t">Quemaduras --</subfield>
    <subfield code="t">Quemaduras electricas (el&#xE9;ctricidad) --</subfield>
    <subfield code="t">Explosiones --</subfield>
    <subfield code="t">Levantamiento del cad&#xE1;ver --</subfield>
    <subfield code="t">Dactiloscopia --</subfield>
    <subfield code="t">Matrimonio --</subfield>
    <subfield code="t">Embarazo --</subfield>
    <subfield code="t">Aborto --</subfield>
    <subfield code="t">Adulterio --</subfield>
    <subfield code="t">Pelo --</subfield>
    <subfield code="t">Sofocaci&#xF3;n, ahorcamiento, estrangulaci&#xF3;n --</subfield>
    <subfield code="t">Sumersi&#xF3;n --</subfield>
    <subfield code="t">Medicina del seguro --</subfield>
    <subfield code="t">Medicina del deporte --</subfield>
    <subfield code="t">Sexolog&#xED;a forense --</subfield>
    <subfield code="t">Agresiones sexuales --</subfield>
    <subfield code="t">Violaci&#xF3;n --</subfield>
    <subfield code="t">Tanatolog&#xED;a forense --</subfield>
    <subfield code="t">Necropsia (autopsia) --</subfield>
    <subfield code="t">Indicios.</subfield>
  </datafield>
  <datafield tag="590" ind1=" " ind2=" ">
    <subfield code="a">Inventariado, 2018/LP</subfield>
  </datafield>
  <datafield tag="650" ind1=" " ind2="0">
    <subfield code="a">Medicina legal </subfield>
    <subfield code="9">31267</subfield>
  </datafield>
  <datafield tag="650" ind1=" " ind2="0">
    <subfield code="a">Investigaci&#xF3;n criminal </subfield>
    <subfield code="9">6789</subfield>
  </datafield>
  <datafield tag="650" ind1=" " ind2="4">
    <subfield code="a">Lesiones corporales</subfield>
    <subfield code="9">31268</subfield>
  </datafield>
  <datafield tag="650" ind1=" " ind2="4">
    <subfield code="a">Patolog&#xED;a forense</subfield>
    <subfield code="9">20406</subfield>
  </datafield>
  <datafield tag="650" ind1=" " ind2="4">
    <subfield code="a">Autopsia</subfield>
    <subfield code="9">20405</subfield>
  </datafield>
  <datafield tag="910" ind1=" " ind2=" ">
    <subfield code="a">Validado. Control de calidad MFF</subfield>
  </datafield>
  <datafield tag="952" ind1=" " ind2=" ">
    <subfield code="0">0</subfield>
    <subfield code="1">0</subfield>
    <subfield code="5">4</subfield>
    <subfield code="7">0</subfield>
    <subfield code="8">DS</subfield>
    <subfield code="a">GR</subfield>
    <subfield code="b">GR</subfield>
    <subfield code="c">HD</subfield>
    <subfield code="d">2013-04-11</subfield>
    <subfield code="i">LF1</subfield>
    <subfield code="l">0</subfield>
    <subfield code="o">614.1 O77L</subfield>
    <subfield code="p">13777-30</subfield>
    <subfield code="r">2020-06-25</subfield>
    <subfield code="t">e. 3</subfield>
    <subfield code="w">2020-06-25</subfield>
    <subfield code="y">LFDS</subfield>
    <subfield code="Z">Pr&#xE9;stamo en sala</subfield>
  </datafield>
  <datafield tag="952" ind1=" " ind2=" ">
    <subfield code="0">0</subfield>
    <subfield code="1">0</subfield>
    <subfield code="7">1</subfield>
    <subfield code="8">PD</subfield>
    <subfield code="a">PD</subfield>
    <subfield code="b">PD</subfield>
    <subfield code="c">HD</subfield>
    <subfield code="d">2009-11-30</subfield>
    <subfield code="i">LF1</subfield>
    <subfield code="l">0</subfield>
    <subfield code="o">614.1 O77L</subfield>
    <subfield code="p">13777-10</subfield>
    <subfield code="r">2020-06-25</subfield>
    <subfield code="w">2020-06-25</subfield>
    <subfield code="y">LFPD</subfield>
    <subfield code="Z">No se presta</subfield>
  </datafield>
  <datafield tag="952" ind1=" " ind2=" ">
    <subfield code="0">0</subfield>
    <subfield code="1">0</subfield>
    <subfield code="7">1</subfield>
    <subfield code="8">PD</subfield>
    <subfield code="a">PD</subfield>
    <subfield code="b">PD</subfield>
    <subfield code="c">HD</subfield>
    <subfield code="d">2009-11-30</subfield>
    <subfield code="i">LF1</subfield>
    <subfield code="l">0</subfield>
    <subfield code="o">614.1 O77L</subfield>
    <subfield code="p">13777-20</subfield>
    <subfield code="r">2020-06-25</subfield>
    <subfield code="t">e. 2</subfield>
    <subfield code="w">2020-06-25</subfield>
    <subfield code="y">LFPD</subfield>
    <subfield code="Z">No se presta</subfield>
  </datafield>
  <datafield tag="999" ind1=" " ind2=" ">
    <subfield code="c">13389</subfield>
    <subfield code="d">13389</subfield>
  </datafield>
</record>
